000 00478nam a2200193 a 4500
001 1777027203375
003 YourLibrary
005 20260424161207.0
008 260424s2003##################000#0#eng##
020 _a9780754623328
082 0 4 _a345.04MIT
100 1 _aMitchell, Edward W.,
_eauthor.
245 1 0 _aSelf-made Madness :
260 _bRoutledge,
_c2003.
300 _a252 pages
650 0 _aLaw.
942 _cENGLISH
040 _aYourLibrary
_beng
_cYourLibrary
999 _c619844
_d619844